[Event "Reykjavik op"]
[Site "Reykjavik"]
[Date "2025.04.14"]
[Round "8"]
[White "Wedin, Svante"]
[Black "Saine, Zachary"]
[Result "0-1"]
[WhiteElo "1902"]
[BlackElo "2019"]
[PlyCount "62"]
[EventDate "2025.04.09"]
[EventType "swiss"]
[EventRounds "9"]
[EventCountry "ISL"]
[SourceTitle "CB17_2025"]
[SourceDate "2025.04.23"]
[SourceVersion "1"]
[SourceVersionDate "2025.04.23"]
[SourceQuality "1"]

1. e4 e5 2. Nf3 Nc6 3. Bc4 Bc5 4. b4 Bxb4 5. c3 Ba5 6. d4 d6 7. dxe5 dxe5 8. Qb3 Qe7 9. 0-0 Bd7 10. Rd1 0-0-0 11. Bxf7 Bg4 12. Rxd8+ Qxd8 13. Nbd2 Nge7 14. Bb2 Bb6 15. h3 Bd7 16. Nc4 Ng6 17. Rd1 Qf6 18. Bc1 Rf8 19. Nxb6+ axb6 20. Bxg6 Qxg6 21. Ng5 h6 22. Qd5 Qe8 23. Ba3 Rf6 24. Nh7 Rf7 25. Nf8 Rxf8 26. Bxf8 Be6 27. Qb5 Qxf8 28. Qa4 Kb8 29. Rd3 Qc5 30. Rf3 b5 31. Qc2 Nd4 0-1

[Event "Reykjavik op"]
[Site "Reykjavik"]
[Date "2025.04.10"]
[Round "3"]
[White "Saine, Zachary"]
[Black "Grettisson, Arnar Breki"]
[Result "1/2-1/2"]
[WhiteElo "2019"]
[BlackElo "1794"]
[PlyCount "56"]
[EventDate "2025.04.09"]
[EventType "swiss"]
[EventRounds "9"]
[EventCountry "ISL"]
[SourceTitle "CB17_2025"]
[SourceDate "2025.04.23"]
[SourceVersion "1"]
[SourceVersionDate "2025.04.23"]
[SourceQuality "1"]

1. e4 e5 2. Nf3 Nc6 3. Bc4 Bc5 4. c3 Nf6 5. d3 d6 6. 0-0 0-0 7. h3 h6 8. Re1 Re8 9. Nbd2 Be6 10. Bb5 a6 11. Bxc6 bxc6 12. d4 exd4 13. cxd4 Bb6 14. b3 d5 15. e5 Nd7 16. b4 a5 17. Qc2 axb4 18. Qxc6 Ra6 19. Nb3 Qa8 20. Qc2 Qa7 21. Be3 Ra8 22. Re2 Ra3 23. Bc1 Ra6 24. Be3 Ra3 25. Bc1 Ra4 26. Be3 Qa6 27. g4 Qc4 28. Qd2 Qa6 1/2-1/2

[Event "Montreal Pere Noel op"]
[Site "Montreal"]
[Date "2024.12.28"]
[Round "3"]
[White "Batorshyn, Ilia"]
[Black "Saine, Zachary"]
[Result "1-0"]
[WhiteElo "2118"]
[BlackElo "2031"]
[PlyCount "62"]
[EventDate "2024.12.27"]
[EventType "swiss"]
[EventRounds "5"]
[EventCountry "CAN"]
[SourceTitle "CB04_2025"]
[SourceDate "2025.01.22"]
[SourceVersion "1"]
[SourceVersionDate "2025.01.22"]
[SourceQuality "1"]

1. d4 d5 2. Bg5 Nd7 3. Nf3 Ngf6 4. e3 e6 5. Bd3 c5 6. c3 Bd6 7. 0-0 0-0 8. Nbd2 cxd4 9. exd4 Rb8 10. Qc2 Qc7 11. Bxf6 Nxf6 12. Rae1 b5 13. Ne5 b4 14. Re3 bxc3 15. bxc3 g6 16. f4 Bb7 17. Ndf3 Ne4 18. Bxe4 dxe4 19. Ng5 Ba6 20. Rfe1 Bxe5 21. fxe5 Bd3 22. Qf2 h6 23. Rh3 Qxc3 24. Nxe4 Qxe1+ 25. Qxe1 Rb1 26. Nf6+ Kg7 27. Qxb1 Bxb1 28. Ra3 Ra8 29. Kf2 g5 30. Ke3 Rc8 31. g4 Rc7 1-0

[Event "Montesilvano Adriatico op 28th"]
[Site "Montesilvano"]
[Date "2024.09.15"]
[Round "9"]
[White "Soares, Luis Francisco Alme"]
[Black "Saine, Zachary"]
[Result "1/2-1/2"]
[WhiteElo "2009"]
[BlackElo "2013"]
[PlyCount "42"]
[EventDate "2024.09.08"]
[EventType "swiss"]
[EventRounds "9"]
[EventCountry "ITA"]
[SourceTitle "EXT 2025"]
[Source "ChessBase"]
[SourceDate "2024.10.14"]
[SourceVersion "1"]
[SourceVersionDate "2024.10.14"]
[SourceQuality "1"]

1. f4 d5 2. Nf3 Nf6 3. e3 Bf5 4. b3 e6 5. Bb2 Nbd7 6. d3 Bd6 7. Nbd2 0-0 8. Qe2 Bg6 9. h3 c5 10. g4 d4 11. Nc4 Bc7 12. Bg2 dxe3 13. Nfe5 Nd5 14. Bxd5 exd5 15. Nxe3 Nxe5 16. Bxe5 d4 17. Bxc7 Qxc7 18. Nd5 Qd6 19. Ne7+ Kh8 20. 0-0 Rae8 21. Rae1 f5 1/2-1/2

[Event "Montesilvano Adriatico op 28th"]
[Site "Montesilvano"]
[Date "2024.09.14"]
[Round "8"]
[White "Saine, Zachary"]
[Black "Djuric, Stefan"]
[Result "0-1"]
[WhiteElo "2013"]
[BlackElo "2208"]
[PlyCount "72"]
[EventDate "2024.09.08"]
[EventType "swiss"]
[EventRounds "9"]
[EventCountry "ITA"]
[SourceTitle "EXT 2025"]
[Source "ChessBase"]
[SourceDate "2024.10.14"]
[SourceVersion "1"]
[SourceVersionDate "2024.10.14"]
[SourceQuality "1"]

1. e4 g6 2. d4 Bg7 3. Nc3 c6 4. f4 d5 5. e5 h5 6. Nf3 Bg4 7. Bd3 Qb6 8. 0-0 e6 9. Na4 Qc7 10. h3 Bxf3 11. Qxf3 Nd7 12. b3 Nb6 13. Nc5 Ne7 14. Bb2 h4 15. a4 Nf5 16. a5 Nd7 17. c4 Nxc5 18. dxc5 dxc4 19. Bxc4 a6 20. Rfd1 0-0 21. Bc3 Qe7 22. Rd6 Nxd6 23. cxd6 Qd8 24. Bd4 Qxd6 25. Bf2 Qd2 26. Kh1 Bh6 27. f5 Rad8 28. Bc5 gxf5 29. Rf1 Qg5 30. Bd6 Kh7 31. Bxf8 Bxf8 32. Rd1 Rxd1+ 33. Qxd1 Bc5 34. b4 Bxb4 35. Qd7 Qe7 36. Qd1 Kg7 0-1

[Event "Montesilvano Adriatico op 28th"]
[Site "Montesilvano"]
[Date "2024.09.10"]
[Round "3"]
[White "Kukushkin, Ivan"]
[Black "Saine, Zachary"]
[Result "1-0"]
[WhiteElo "2054"]
[BlackElo "2013"]
[PlyCount "79"]
[EventDate "2024.09.08"]
[EventType "swiss"]
[EventRounds "9"]
[EventCountry "ITA"]
[SourceTitle "EXT 2025"]
[Source "ChessBase"]
[SourceDate "2024.10.14"]
[SourceVersion "1"]
[SourceVersionDate "2024.10.14"]
[SourceQuality "1"]

1. e4 e5 2. Bc4 Nf6 3. d3 c6 4. Nf3 d5 5. Bb3 Bd6 6. exd5 cxd5 7. Bg5 Be6 8. Nc3 Qa5 9. 0-0 Nbd7 10. Qd2 0-0-0 11. d4 b6 12. dxe5 Nxe5 13. Nxe5 Bxe5 14. Qe2 Bxc3 15. bxc3 Qxc3 16. a4 Qc6 17. a5 b5 18. a6 Kb8 19. Ra5 Ka8 20. Rxb5 Ne4 21. Ba4 Nc3 22. Rb8+ Kxb8 23. Rb1+ Kc8 24. Qe5 Qc7 25. Qxc7+ Kxc7 26. Bf4+ Rd6 27. Rb7+ Kd8 28. Bxd6 Nxa4 29. Rxa7 Bc8 30. Be7+ Ke8 31. Bd6 Kd8 32. Be7+ Ke8 33. Bd6 Kd8 34. Bb4 f5 35. Ba5+ Ke8 36. Ra8 Kd7 37. a7 Re8 38. Rb8 Bb7 39. Rxb7+ Kc6 40. Rb8 1-0

[Event "Maia op"]
[Site "Maia"]
[Date "2024.08.30"]
[Round "8"]
[White "Saine, Zachary"]
[Black "Davies, Nigel Rodney"]
[Result "0-1"]
[WhiteElo "2013"]
[BlackElo "2328"]
[PlyCount "54"]
[EventDate "2024.08.23"]
[EventType "swiss"]
[EventRounds "9"]
[EventCountry "POR"]
[SourceTitle "CBM 221 Extra"]
[Source "ChessBase"]
[SourceDate "2024.09.30"]
[SourceVersion "1"]
[SourceVersionDate "2024.09.30"]
[SourceQuality "1"]

1. e4 c5 2. Nf3 e6 3. d4 cxd4 4. Nxd4 a6 5. Bd3 Qb6 6. Nb3 Qc7 7. c4 Nf6 8. 0-0 d6 9. Nc3 Be7 10. Be3 0-0 11. a4 b6 12. f4 Nbd7 13. a5 bxa5 14. g4 Rb8 15. g5 Ng4 16. Qxg4 Rxb3 17. Rf3 Nc5 18. Bb1 Rxb2 19. Qh5 g6 20. Qh6 f5 21. Bd4 Bd8 22. exf5 Rxb1+ 23. Rxb1 Rxf5 24. Rb8 e5 25. Bxc5 Qxb8 26. Rd3 Be7 27. Nd5 Bf8 0-1

[Event "Biel HTO 57th"]
[Site "Biel"]
[Date "2024.07.24"]
[Round "9"]
[White "Saine, Zachary"]
[Black "Tarini, Goyal"]
[Result "0-1"]
[WhiteElo "2058"]
[BlackElo "2079"]
[PlyCount "62"]
[EventDate "2024.07.15"]
[EventType "swiss"]
[EventRounds "10"]
[EventCountry "SUI"]
[SourceTitle "CBM 221"]
[Source "ChessBase"]
[SourceDate "2024.08.31"]
[SourceVersion "1"]
[SourceVersionDate "2024.08.31"]
[SourceQuality "1"]

1. e4 c6 2. d4 d5 3. exd5 cxd5 4. Bd3 Nc6 5. c3 Qc7 6. h3 e6 7. Nf3 Bd6 8. 0-0 Nge7 9. Re1 f6 10. Qc2 Bd7 11. b4 g6 12. Bh6 Rg8 13. a4 Nf5 14. Bxf5 gxf5 15. Qxf5 0-0-0 16. Qh5 Ne7 17. Nh4 Ng6 18. Nd2 Kb8 19. Rec1 Nxh4 20. Qxh4 Rg6 21. Nf1 Rdg8 22. g3 f5 23. Kh1 f4 24. Ra2 Ka8 25. Re2 Bxa4 26. g4 Be7 27. g5 Bxg5 28. Bxg5 Rxg5 29. Nh2 Qg7 30. Nf3 Rh5 31. Rg1 Qxg1+ 0-1

[Event "Munich op-A 2nd"]
[Site "Munich"]
[Date "2024.05.29"]
[Round "4"]
[White "Saine, Zachary"]
[Black "Wichmann, Adrian"]
[Result "1-0"]
[WhiteElo "2021"]
[BlackElo "2076"]
[PlyCount "57"]
[EventDate "2024.05.26"]
[EventType "swiss"]
[EventRounds "9"]
[EventCountry "GER"]
[SourceTitle "CBM 220 Extra"]
[Source "ChessBase"]
[SourceDate "2024.07.31"]
[SourceVersion "1"]
[SourceVersionDate "2024.07.31"]
[SourceQuality "1"]

1. e4 c5 2. Nf3 g6 3. d4 cxd4 4. Nxd4 Nc6 5. c4 Bg7 6. Be3 Nf6 7. Nc3 Ng4 8. Qxg4 Nxd4 9. Qd1 Ne6 10. Rc1 Qa5 11. Be2 Nc5 12. Bd4 0-0 13. 0-0 Bxd4 14. Qxd4 Ne6 15. Qe3 d6 16. Nd5 Re8 17. b4 Qd8 18. f4 Nc7 19. Nc3 e6 20. e5 d5 21. Rcd1 Qe7 22. cxd5 exd5 23. Rxd5 Qxb4 24. Rd4 Qb6 25. Rb1 Nd5 26. Nxd5 Qxb1+ 27. Rd1 Qc2 28. Nf6+ Kf8 29. Qa3+ 1-0

[Event "Sardinia World op-A"]
[Site "Orosei"]
[Date "2024.05.02"]
[Round "7"]
[White "Saine, Zachary"]
[Black "George Samir, David"]
[Result "0-1"]
[WhiteElo "2032"]
[BlackElo "2142"]
[PlyCount "88"]
[EventDate "2024.04.27"]
[EventType "swiss"]
[EventRounds "9"]
[EventCountry "ITA"]
[SourceTitle "CBM 220 Extra"]
[Source "ChessBase"]
[SourceDate "2024.07.31"]
[SourceVersion "1"]
[SourceVersionDate "2024.07.31"]
[SourceQuality "1"]

1. e4 c5 2. Nf3 d6 3. d4 cxd4 4. Nxd4 Nf6 5. Nc3 a6 6. f3 e5 7. Nb3 Be6 8. Be3 h5 9. Nd5 Bxd5 10. exd5 Nbd7 11. Qd2 Rc8 12. c4 g6 13. Bd3 Bg7 14. 0-0 0-0 15. Na5 Qc7 16. Rac1 Rfe8 17. b4 e4 18. fxe4 Nxe4 19. Bxe4 Rxe4 20. Rf4 Nf6 21. Rxe4 Nxe4 22. Qd3 Re8 23. Nb3 Qe7 24. Nd2 Nc3 25. Re1 Nxa2 26. Nf3 Nxb4 27. Qd2 a5 28. Bc5 Qd8 29. Rxe8+ Qxe8 30. Bxd6 Qe4 31. Bxb4 Qb1+ 32. Qe1 Qxb4 33. Qe8+ Bf8 34. h4 Qxc4 35. Qd7 Qc5+ 36. Kh1 Bd6 37. Qxb7 Qc1+ 38. Ng1 Bc5 39. Qb8+ Kh7 40. Qh2 Qxg1+ 41. Qxg1 Bxg1 42. Kxg1 Kg7 43. Kf2 Kf6 44. Ke3 Ke5 0-1

[Event "Sardinia World op-A"]
[Site "Orosei"]
[Date "2024.05.01"]
[Round "6"]
[White "Catanzaro, Claudio"]
[Black "Saine, Zachary"]
[Result "0-1"]
[WhiteElo "1940"]
[BlackElo "2032"]
[PlyCount "44"]
[EventDate "2024.04.27"]
[EventType "swiss"]
[EventRounds "9"]
[EventCountry "ITA"]
[SourceTitle "CBM 220 Extra"]
[Source "ChessBase"]
[SourceDate "2024.07.31"]
[SourceVersion "1"]
[SourceVersionDate "2024.07.31"]
[SourceQuality "1"]

1. e4 e5 2. Nf3 Nc6 3. d4 exd4 4. Nxd4 Nf6 5. Nxc6 bxc6 6. e5 Qe7 7. Qe2 Nd5 8. h4 f6 9. exf6 Qxe2+ 10. Bxe2 Nxf6 11. 0-0 Bc5 12. Nc3 0-0 13. Bg5 d5 14. Rad1 Ng4 15. Bf3 Ne5 16. Be2 Ng4 17. Bf3 Ne5 18. Be2 Bf5 19. Bd3 Nxd3 20. cxd3 h6 21. Be3 d4 22. Na4 dxe3 0-1